01351nam a2200325 a 4500001001000000003000500010005001700015008004100032010001100073011001100084040000900095090001000104100003900114245016100153260004100314500006000355502008300415590004100498590004000539590004000579650006900619650004800688650004600736856007000782901000700852942001000859942000600869999001900875952013100894000115386CHAP20220329144532.0190516s2018 mx a |sm |||||||spa d a111847 a112819 cCHAP aTesis1 aÁvila Valdivia, Alfonso.913001710aEstimación de la densidad en Pinus pseudostrobus a partir de varibles dasométricas en el Estado de Méxicoh[En línea]cpor Alfonso Ávila Valdivia. aChapingo, Méx. :bEl autor,c2018. aPara ver el contenido del material haga clic en la liga aTesis (M.C. en Ciencias Forestales) -- UACH. División de Ciencias Forestales aE11695DGDb10c20190520lUCH01h1058 aE6337LMJb05c20190516lUCH01h1444 aE6337LMJb05c20190516lUCH01h144514aPinus pseudostrobusxCrecimientoxModelos matemáticos.913466814aPinus pseudostrobusxProductividad.912791814aPinus pseudostrobusxRendimiento.9127919 aFinding aiduhttp://10.13.5.2/tesis/sist115386.pdfzTeclea aquí aBK cTESIS n0 c111847d111847 00104054718TESISaBCbBCd2019-05-16fTESISl0oTesisp115395-10r2019-12-31 00:00:00w2019-12-31yTESISzRecien adquirido